[Event "Santo Domingo Gesta Catorce op"]
[Site "Santo Domingo"]
[Date "2016.07.02"]
[Round "7"]
[White "Marte Corripio, Frank Manuel"]
[Black "Paulino Rosario, Dalver"]
[Result "1-0"]
[WhiteElo "2140"]
[BlackElo "1650"]
[PlyCount "91"]
[EventDate "2016.06.24"]
[EventType "swiss"]
[EventRounds "8"]
[EventCountry "DOM"]
[SourceTitle "EXT 2017"]
[Source "ChessBase"]
[SourceDate "2016.10.25"]
[SourceVersion "1"]
[SourceVersionDate "2016.10.25"]
[SourceQuality "1"]

1. Nf3 Nf6 2. d4 d5 3. Bf4 Bg4 4. Nbd2 e6 5. c3 c5 6. Qb3 Qb6 7. e3 Nbd7 8. Bb5 Be7 9. Ne5 Bf5 10. Ndf3 Bd6 11. 0-0 Bxe5 12. Nxe5 Rd8 13. dxc5 Qxc5 14. Qa4 a6 15. Bxd7+ Nxd7 16. c4 dxc4 17. Rfd1 Bc2 18. Qxc2 Nxe5 19. Rxd8+ Kxd8 20. Rd1+ Kc8 21. b3 c3 22. Rd4 Rd8 23. Bxe5 Qxe5 24. Qxc3+ Qc7 25. Rxd8+ Kxd8 26. Qd4+ Qd7 27. Qh4+ Kc7 28. h3 Qd1+ 29. Kh2 Qd6+ 30. g3 h6 31. Qe4 f5 32. Qc4+ Kb6 33. a4 g5 34. b4 e5 35. e4 f4 36. gxf4 gxf4 37. Kg2 h5 38. Kh2 Qd4 39. a5+ Ka7 40. Qxd4+ exd4 41. Kg2 Kb8 42. Kf1 Kc7 43. Ke2 Kd6 44. Kd3 Ke5 45. f3 Kf6 46. Kxd4 1-0